| 000 | 00595nam a2200193 a 4500 | ||
|---|---|---|---|
| 020 | _a9788120334991 | ||
| 082 |
_a628.3 _bHAM _cL-40, P-81 |
||
| 100 | 1 |
_aHammer, Mark J. _9390 |
|
| 245 | 1 |
_aWater and Wastewater Technology. _cHammer, Mark J. |
|
| 250 | _a6th ed. | ||
| 260 |
_aNew Delhi _bPrentice Hall of India _c2008 |
||
| 300 |
_aix, 553 p. _bill. _c29 cm. |
||
| 526 |
_a0 _b0 _c0 _d628_300000000000000_HAM |
||
| 650 |
_aMCE _9379 |
||
| 650 |
_aSewage Disposal. _9392 |
||
| 650 |
_aWater-Supply -- Engineering. _9391 |
||
| 700 |
_aHammer, Mark J. (jr.). (jt. auth.). _944193 |
||
| 942 |
_2ddc _cBK |
||
| 999 |
_c548011 _d548011 |
||